NBA All-Time starting 5's - Statistics

General Stats
  • This quiz has been taken 165 times
  • The average score is 130 of 180
Answer Stats
Answer % Correct
LeBron James
97%
Larry Bird
96%
James Harden
95%
Shaquille O'Neal
95%
Kareem Abdul-Jabbar
94%
Kevin Durant
94%
Michael Jordan
94%
Stephen Curry
94%
Bill Russell
93%
Dwyane Wade
93%
Giannis Antetokounmpo
93%
Magic Johnson
93%
Chris Bosh
92%
Dennis Rodman
92%
Scottie Pippen
92%
Trae Young
92%
Dirk Nowitzki
91%
Dominique Wilkins
91%
Kevin Garnett
91%
Kevin Love
91%
Wilt Chamberlain
91%
David West
90%
Dell Curry
90%
Nikola Jokic
90%
Russell Westbrook
90%
David Thompson
89%
Derrick Rose
89%
Kawhi Leonard
89%
Tony Parker
89%
Anthony Davis
88%
Charles Barkley
88%
Chris Paul
88%
Damian Lillard
88%
Hakeem Olajuwon
88%
Isiah Thomas
88%
Jason Kidd
88%
Kyrie Irving
88%
Luka Doncic
88%
Patrick Ewing
88%
Steve Nash
88%
Tim Duncan
88%
David Robinson
87%
Julius Erving
87%
Manu Ginobili
87%
Oscar Robertson
87%
Walter Davis
87%
Carmelo Anthony
86%
John Wall
86%
Karl Malone
86%
Kobe Bryant
86%
Moses Malone
86%
Paul Pierce
86%
Ray Allen
86%
Reggie Miller
86%
Bob Cousy
85%
Kevin McHale
85%
Mike Miller
85%
Alonzo Mourning
84%
John Havlicek
84%
John Stockton
84%
Kemba Walker
84%
Larry Johnson
84%
Marques Johnson
84%
Karl-Anthony Towns
82%
Penny Hardaway
82%
Tim Hardaway
82%
Dikembe Mutombo
81%
Tracy McGrady
81%
Vince Carter
81%
Allen Iverson
80%
Ja Morant
80%
Marc Gasol
80%
Anthony Edwards
79%
Deron Williams
79%
Paul George
79%
Bob Pettit
78%
Ben Wallace
77%
Clyde Drexler
77%
Devin Booker
77%
Alex English
76%
Dwight Howard
76%
Jermaine O'Neal
76%
Blake Griffin
75%
Walt Frazier
75%
Gary Payton
74%
Jimmy Butler
73%
Bill Walton
72%
Kyle Lowry
72%
Bradley Beal
71%
Brook Lopez
71%
DeMar DeRozan
71%
Elgin Baylor
71%
Artis Gilmore
70%
George Gervin
70%
Joe Dumars
70%
James Worthy
69%
Rick Barry
69%
Shawn Kemp
69%
Wes Unseld
68%
Bob McAdoo
65%
DeMarcus Cousins
65%
Mark Price
65%
LaMarcus Aldridge
64%
Pascal Siakam
63%
Rudy Gobert
63%
Tyrese Haliburton
63%
Amar'e Stoudemire
62%
Mark Jackson
62%
Elvin Hayes
61%
Serge Ibaka
61%
Sidney Moncrief
61%
Chris Mullin
60%
Mike Conley
60%
Willis Reed
60%
Chauncey Billups
59%
Grant Hill
59%
Zach Randolph
58%
Pete Maravich
57%
Chris Webber
56%
Gilbert Arenas
56%
Glen Rice
56%
Zydrunas Ilgauskas
56%
Bernard King
54%
Tyson Chandler
50%
Andrew Wiggins
49%
Shawn Marion
48%
Brad Daugherty
47%
Fat Lever
47%
Adrian Dantley
46%
Mark Aguirre
46%
Sam Cassell
46%
Eddie Jones
45%
Jason Terry
44%
Hal Greer
43%
C.J. McCollum
41%
Brandon Roy
40%
Mitch Richmond
37%
Earl Monroe
34%
Lou Hudson
30%
Nikola Vucevic
27%
Paul Arizin
27%
Wally Szczerbiak
27%
Jerry Lucas
26%
Michael Finley
26%
Shareef Abdur-Rahim
21%
Elton Brand
20%
Jamal Mashburn
19%
Calvin Murphy
15%
Jack Twyman
5%
Kiki Vandeweghe
4%
Damon Stoudemire
0%
Mel Daniels
0%
No matching quizzes found
Score Distribution
Percent of People with Each Score
Percentile by Number Answered
Your Score History
You have not taken this quiz